Регионална библиотека "Любен Каравелов" - Русе

Тази, която си отива,тази, която остава (Запис номер 325731)

MARC детайли
000 -Лидер
Контролно поле с фиксирана дължина 01333nam a2200373 a 4500
003 - Код на организацията, давaща контролен номер
Контролно поле BLK
005 - Дата и час на последна редакция
Контролно поле 20250123162552.0
008 - Елементи от данни с фиксирана дължина
fixed length control field 180411b bul|||||r ||||||| ||bul||
010 ## - Наследен системен номер
LC control number KNG00210530000
020 ## - Международен стандартен номер на книга ISBN
Международен стандартен номер на книга ISBN 9786190202660
040 ## - Източник на каталожния запис
Идентификатор на билиотеката - собственик на записа BLK
041 ## - Код за език
Код за езика на текст/звукозапис или на отделно заглавие Български
Код за езика КДБФ Български
072 #7 - Код за тематичната категория
Код организация bullib
Код за тематична категория Н83
Текст Чужда художествена литература Н
080 ## - УДК
Текстов определител УДК Италианска литература
УДК код - определител по УДК 821.131.1
УДК определител -31
УДК - код + определител 821.131.1-31
100 1# - Редна дума - Автор
Автор Феранте, Елена
Авторска отговорност първи автор
R(LIN) 133695
139 ## - Редно поле
Редна дума Феранте, Елена
Авторски знак Фер - Ф 40
245 10 - Сведения за заглавието
Заглавие Тази, която си отива,тази, която остава
Подзаглавни данни Роман
Редно поле (дума) Елена Феранте; прев. от итал. Мария Добрева.
257 ## - Страна на издаване
Страна на създаване/издаване Италия
260 ## - Област на издателските данни
Име на издателя, разпространителя и проч. Колибри
Година на издаване 2018
Печатница София : Инвестпрес
Място на издаване, разпространение и проч. София
300 ## - Физическа характеристика
Страници 463 с.
Размери/Мащаб 20 см
380 ## - Жанр
Жанр Худож. лит.
490 1# - СЕРИИ (Колекции)
Име на серия Съвременна европейска проза
659 ## - Тематичен бюлетин
Тематичен бюлетин Н
700 ## - Други автори (авторска отговорност)
Лично име Добрева, Мария Иванова
Автороска отговорност (Описва отношението между автора и произведението) прев. от итал.
9 (RLIN) 1071
852 ## - Местоположение
Форматна сигнатура Цб 294658
856 4# - Електронен адрес и достъп
Електронен формат pdf - файл
856 4# - Електронен адрес и достъп
Електронен формат pdf - файл
999 ## - СИСТЕМНИ КОНТРОЛНИ НОМЕРА
Koha biblionumber 325731
Koha biblioitemnumber 325731
942 ## - АРТИКУЛИ
Вид на библиотечния материал Книги
Скрит в OPAC Не
Koha issues (borrowed), all copies 100
Периодичен библиозапис Да
944 ## - СЪЗДАВАНЕ И РЕДАКЦИЯ на ЗАПИСА
Създаване/Редакция Редакция
Дата на регистрацията/редакция 2019-05-08
Служител, извършил регистрацията/редакцията 30576
Статус, дата на статуса Цветомила Тодорова
999 ## - СИСТЕМНИ КОНТРОЛНИ НОМЕРА
Koha biblioitemnumber 325731
999 ## - СИСТЕМНИ КОНТРОЛНИ НОМЕРА
Koha biblioitemnumber 325731
999 ## - СИСТЕМНИ КОНТРОЛНИ НОМЕРА
Koha biblioitemnumber 325731
999 ## - СИСТЕМНИ КОНТРОЛНИ НОМЕРА
Koha biblioitemnumber 325731
Наличности
Код за отписване Код за изгубен артикул Източник на класификационната схема Код за повреда Коз за рестрикции Код за отдаване Артикулен № Име на библиотеката - собственик Име на библиотеката, в която се намира в момента Статус (Текущо местоположение) Дата на вписване в системата Местоположение - отдел Цена в лева Инвентарен номер Систематично азбучна сигнатура Баркод Цена в евро Служебен тип на артикула
  Не е изгубен Universal Decimal Classification Не е повреден без рестрикции заемане за дома 681624 Регионална библиотека "Любен Каравелов" Русе Регионална библиотека "Любен Каравелов" Русе Заемна - подръчен фонд 2018-10-29 Заемна - подръчен фонд 15.00 120000825422 П 850-31/Ф 40 120000825422 7.67 Книги
  Не е изгубен Universal Decimal Classification Не е повреден без рестрикции заемане за дома 681980 Регионална библиотека "Любен Каравелов" Русе Регионална библиотека "Любен Каравелов" Русе Заемна - подръчен фонд 2018-11-07 Заемна - подръчен фонд 15.00 120000825621 П 850-31/Ф 40 120000825621 7.67 Книги
  Не е изгубен Universal Decimal Classification Не е повреден без рестрикции ползва се в читалня 706270 Регионална библиотека "Любен Каравелов" Русе Регионална библиотека "Любен Каравелов" Русе Хранилище 2019-05-10 Хранилище 20.00   Цб 294658 120000831665 10.23 Книги
  Не е изгубен Universal Decimal Classification Не е повреден   заемане за дома 788580 Регионална библиотека "Любен Каравелов" Русе Регионална библиотека "Любен Каравелов" Русе Количка 2020-08-07 Заемна - подръчен фонд 15.00   821-31/Ф 40 Е 120000845674 7.67 Книги
  Не е изгубен Universal Decimal Classification Не е повреден без рестрикции заемане за дома 802275 Регионална библиотека "Любен Каравелов" Русе Регионална библиотека "Любен Каравелов" Русе Заемна - подръчен фонд 2020-10-01 Заемна - подръчен фонд 15.00   821-31/Ф 40 Е 120000848320 7.67 Книги
Vip Innovations Ltd, Rousse, Bulgaria 2025